000 00709nam a2200205Ia 4500
005 20241216010936.0
008 190212s9999||||xx |||||||||||||| ||und||
020 _a84-200-0984--9
082 _a664.5
_b 000
245 0 _aCIENCIA Y TECNOLOGIA DE LAS ESPECIAS
_bHIRASA KENJI - TAKEMASA MITSUO
250 _a2002
260 _aESPAÑA
_bACRIBIA
_c2002
300 _a233 pag
_c24 cm
341 _h0
490 _v0
_a0
505 _aCONCEPTOS BASICOS - CALIDAD DE LAS ESPECIAS Y ESPECIFICACIONES - COCINADO CON ESPECIAS -PROPIEDADES ANTIMICROBIANAS Y ANTIOXIDANTES DE LAS ESPECIAS EFECTOS,FISIOLÓGICOS DEL FLAVOR / AROMA
541 _aD
_d06-Dec-16
_oSoles
650 _aCIENCIAS APLICADAS
942 _cLIBRO
999 _c28309
_d28309